The theory of electromagnetic waves: a symposium
Salvato in:
| Natura: | Libro |
|---|---|
| Lingua: | inglese |
| Pubblicazione: |
Nueva York
Interscience
1951
|
| Soggetti: | |
| Tags: |
Aggiungi Tag
Nessun Tag, puoi essere il primo ad aggiungerne!!
|
MARC
| LEADER | 00000nam a2200000 a 4500 | ||
|---|---|---|---|
| 001 | UCP8182 | ||
| 003 | CL-VaPUC | ||
| 005 | 20230417121146.0 | ||
| 008 | 000114e19510000us 1 eng d | ||
| 082 | 0 | 4 | |a 539.2 |b THE |2 21 |
| 245 | 1 | 4 | |a The theory of electromagnetic waves: a symposium |
| 260 | |a Nueva York |b Interscience |c 1951 | ||
| 300 | |a 393 p | ||
| 500 | |a Donación de Don Walter Zeller Allier | ||
| 583 | |a last modification |c 20000114 00:00:00 |k Rodrigo Vera | ||
| 650 | 0 | 7 | |a RADIACION ELECTROMAGNETICA |2 CL-VaPUC |9 345469 |
| 650 | 0 | 0 | |a Ondas electromagnéticas |9 354947 |
| 650 | 0 | 0 | |a Propagación de ondas |9 263256 |
| 942 | |c BK | ||
| 945 | |a cmena |d 20000114 00:00:00 | ||
| 546 | |a En Inglés | ||
| 536 | |a The Washington Square College of Arts and Science | ||
| 536 | |a Institute for Mathematics and Mechanics of New York University | ||
| 536 | |a Geophysical Research Directorate of the Air Force Cambridge Research Laboratories | ||
| 518 | |p Symposium on Electromagnetic Waves, 6 al 8 de Junio de 1950 | ||
| 999 | |c 383517 |d 383515 | ||